<?xml version="1.0" encoding="UTF-8"?>
<collection xmlns="http://www.loc.gov/MARC21/slim">
 <record>
  <leader>01019nam a2200205 a 4500</leader>
  <controlfield tag="001">1/39223</controlfield>
  <controlfield tag="008">100108s2009    gr a          00010 gre d</controlfield>
  <datafield tag="020" ind1=" " ind2=" ">
   <subfield code="a">9789609873109</subfield>
  </datafield>
  <datafield tag="035" ind1=" " ind2=" ">
   <subfield code="l">41880</subfield>
  </datafield>
  <datafield tag="040" ind1=" " ind2=" ">
   <subfield code="a">GR-PeUP</subfield>
  </datafield>
  <datafield tag="082" ind1="0" ind2="0">
   <subfield code="a">913.382 ΠΕΡ</subfield>
  </datafield>
  <datafield tag="110" ind1="2" ind2=" ">
   <subfield code="a">Περιφέρεια Θεσσαλίας.</subfield>
  </datafield>
  <datafield tag="245" ind1="1" ind2="0">
   <subfield code="a">Θεσσαλία :</subfield>
   <subfield code="b">ιστορία και πολιτισμός /</subfield>
   <subfield code="c">Περιφέρεια Θεσσαλίας = History and culture of Thessaly / Region of Thessaly.</subfield>
  </datafield>
  <datafield tag="246" ind1="3" ind2=" ">
   <subfield code="a">History and culture of Thessaly.</subfield>
  </datafield>
  <datafield tag="260" ind1="0" ind2=" ">
   <subfield code="a">Θεσ/νίκη :</subfield>
   <subfield code="b">Εκδόσεις Αλέξανδρος,</subfield>
   <subfield code="c">2009.</subfield>
  </datafield>
  <datafield tag="300" ind1=" " ind2=" ">
   <subfield code="a">549 σ. :</subfield>
   <subfield code="b">εικ. ;</subfield>
   <subfield code="c">34 εκ. +</subfield>
   <subfield code="e">ένθετο φωτογραφικό υλικό.</subfield>
  </datafield>
  <datafield tag="500" ind1=" " ind2=" ">
   <subfield code="a">Συνοδεύεται από φωτογραφικό υλικό, γκραβούρες.</subfield>
  </datafield>
  <datafield tag="651" ind1=" " ind2="4">
   <subfield code="a">Θεσσαλία</subfield>
   <subfield code="x">Ιστορία.</subfield>
  </datafield>
  <datafield tag="651" ind1=" " ind2="4">
   <subfield code="a">Θεσσαλία</subfield>
   <subfield code="x">Πολιτισμός.</subfield>
  </datafield>
  <datafield tag="852" ind1=" " ind2=" ">
   <subfield code="a">INST</subfield>
   <subfield code="b">UNIPILB</subfield>
   <subfield code="c">MAIN</subfield>
   <subfield code="e">20100108</subfield>
   <subfield code="h">913.382 ΠΕΡ</subfield>
   <subfield code="p">00160146</subfield>
   <subfield code="q">00160146</subfield>
   <subfield code="t">NOLOAN</subfield>
   <subfield code="y">23</subfield>
   <subfield code="4">1</subfield>
  </datafield>
 </record>
</collection>
